| 000 | 01352nam a22003977a 4500 | ||
|---|---|---|---|
| 001 | 0051452 | ||
| 003 | KOHA_MİRAKIL | ||
| 005 | 20260207003806.0 | ||
| 007 | ta | ||
| 008 | 150629b2007 tu |||gr||||#0|||1|tur | | ||
| 020 | _a9789944771023 | ||
| 040 |
_aTR-BiSEU _btur _cTR-BiSEU _erda |
||
| 041 | 0 | _atur | |
| 044 | _ctu | ||
| 050 |
_aPE1130.T8 _bE84 2007 |
||
| 100 | 1 | _aEser, Oktay. | |
| 245 | 1 |
_aDüşünceden pratiğe çeviri / _cOktay Eser ; Oktay Eser. |
|
| 264 | 1 |
_aAnkara : _bNobel _c2007 |
|
| 300 | _aVIII, 184 sayfa; 25 cm. | ||
| 336 |
_ametin _btxt _2rdacontent |
||
| 337 |
_aaracısız _bn _2rdamedia |
||
| 338 |
_acilt _bnc _2rdacarrier |
||
| 490 | 1 |
_aNobel Yayın No ; _v1118. |
|
| 490 | 1 |
_aYabancı Dil Yayınları Dizisi ; _v31. |
|
| 500 | _aKaynakça var. | ||
| 650 | 0 |
_aİngiliz dili--Türkçeye çeviri. _995719 |
|
| 650 | 0 |
_aEnglish language --Translating into Turkish. _995720 |
|
| 650 | 0 |
_aTürk dili--İngilizceye çeviri. _995721 |
|
| 650 | 0 |
_aTurkish language--Translating into English. _927591 |
|
| 650 | 0 |
_aİngiliz dili--Yabancılar için ders kitapları --Türkçe. _995722 |
|
| 650 | 0 |
_aEnglish language ---Textbooks for foreign speakers--Turkish. _995723 |
|
| 830 | 1 |
_aNobel Yayın No ; _v1118. _91595 |
|
| 830 | 1 |
_aYabancı Dil Yayınları Dizisi ; _v31. _995724 |
|
| 907 | _aDil | ||
| 942 |
_2lcc _cBK |
||
| 999 |
_c51276 _d51276 |
||